[Event "Candidates FIDE f1"]
[Site "Sanghi Nagar"]
[Date "1995.??.??"]
[Round "7"]
[White "Gelfand, Boris"]
[Black "Karpov, Anatoly"]
[Result "0-1"]
[WhiteElo "2700"]
[BlackElo "2780"]
[Annotator "Gelfand,B"]
[PlyCount "160"]
[EventDate "1995.02.??"]
[EventType "match"]
[EventRounds "9"]
[EventCountry "IND"]
[SourceTitle "CBM 045"]
[Source "ChessBase"]
[SourceDate "1995.04.01"]
[SourceVersion "1"]
[SourceVersionDate "1995.04.01"]
[SourceQuality "1"]

1. c4 {Ftacnik} Nf6 2. d4 e6 3. Nf3 b6 4. e3 Bb7 5. Nc3 d5 6. cxd5 exd5 7. Bb5+
c6 8. Bd3 Be7 9. O-O O-O 10. b3 Nbd7 11. Bb2 Bd6 12. Rc1 $146 (12. Qc2 Rc8 13.
Ne2 Re8 14. Ng3 c5 15. dxc5 bxc5 16. Bf5 Rc7 17. Rad1 Bf8 18. Ng5 g6 19. Bxd7
Nxd7 20. h4 Ne5 21. Bxe5 Rxe5 22. e4 d4 23. f4 Re8 24. e5 $13 {Vyzmanavin,
A-Karpov,An (4)/Tilburg (3) 20'/1993/0-1 (41)}) (12. Ne2 {Ftacnik} Re8 13. Ng3
g6 14. Re1 Ne4 15. Nd2 f5 16. Ngf1 $1 Qh4 17. Re2 Qh6 18. f3 Nef6 19. Qc2 Re6
20. Rae1 Rae8 21. e4 Nh5 $1 22. g3 Qf8 $5 23. e5 Bb4 $14 {Malaniuk,
V-Vyzmanavin,A/Pardubice/1993/}) (12. Re1 {Ftacnik} Re8 13. Qc2 Rc8 14. Rac1 (
14. e4 dxe4 15. Nxe4 Nxe4 16. Bxe4 Nf6 17. Bf5 Rc7 18. Rxe8+ Qxe8 19. Ne5 c5
20. Qd3 Re7 21. Re1 g6 22. Bh3 Nd5 23. Rf1 Nf4 24. Qd2 $17 {Polugaevsky,
L-Karpov,An/Roquebrune 30' (04)/1992/0-1 (59)}) 14... c5 15. Qe2 Ne4 16. Ba6
Bxa6 17. Qxa6 Ndf6 18. dxc5 Rxc5 19. h3 Qd7 20. Qd3 $10 {Portisch,L-Huebner,R/
Manila izt/1990/}) 12... Re8 13. Ne2 Qe7 (13... Ne4 $5) 14. Ng3 g6 15. Qe2 (15.
Qc2 $5) 15... Ba3 (15... a6 16. Qc2 c5 $14) 16. Rfe1 (16. Qc2 $5) 16... Qd6 (
16... a5 $5 {/\a4}) 17. Qc2 (17. Bxa3 {Ftacnik} Qxa3 18. Qc2 Rac8 $10) 17...
Bxb2 (17... a5 $5) 18. Qxb2 c5 19. Red1 (19. Qa3 {Ftacnik} Ne4 $5) 19... Rac8
20. Ne2 (20. Bb5 {Ftacnik} a6 21. dxc5 bxc5 $10) 20... a6 21. Rc2 (21. h3 $5)
21... cxd4 22. Nexd4 Rxc2 23. Bxc2 Rc8 24. Rc1 Ne4 (24... Qc5 25. Ne2) 25. Bd3
Rxc1+ 26. Qxc1 Qc5 27. Qd1 b5 28. Ne2 b4 29. Qa1 (29. Bxe4 {Ftacnik} dxe4 30.
Qxd7 exf3 31. Qd8+ Kg7 32. Qd4+ Qxd4 33. Nxd4 fxg2 34. f3 $10) 29... Qd6 30.
Qd4 Qc5 31. Qa1 (31. Qxc5 {Ftacnik} Ndxc5 32. Bc2 Kf8 $10) 31... Qd6 32. h3
Ndc5 33. Bc2 Qf6 34. Qe5 (34. Qxf6 {Ftacnik} Nxf6 35. Nfd4 Kf8 $13) 34... Qxe5
35. Nxe5 f6 36. Nf3 Ne6 (36... Kf7 {Ftacnik} 37. Nfd4) 37. Ne1 Kf7 38. f3 N4c5
(38... Nc3 {Ftacnik} 39. Nxc3 bxc3 40. Kf2 $14 {><c3}) 39. g4 a5 40. Kf2 Ba6
41. h4 (41. Nd4 {Ftacnik} Nxd4 42. exd4 Ne6 43. Ke3 $10) 41... h6 (41... Bxe2
42. Kxe2 d4 43. Nd3 $16) 42. h5 (42. Ng3 d4) 42... gxh5 (42... g5 {Ftacnik} 43.
Ng3 Ng7 44. f4 $10) 43. gxh5 Ke7 44. Ng3 Ng7 45. Bg6 Kd6 46. Kg2 (46. f4 $5 Bb7
(46... a4 47. bxa4 Nxa4 48. Nc2 Kc5 49. Nd4 Nc3 50. Ngf5 Nxf5 51. Nxf5 Nxa2 52.
Nxh6) (46... Ne4+ 47. Bxe4 dxe4 48. Nxe4+) 47. Nf3 Ne4+ 48. Bxe4 dxe4 49. Nd4
$16) (46. Nc2 {Ftacnik} Nce6) 46... Bb5 47. Nc2 Nce6 48. f4 Bd7 $10 49. Kf2 (
49. Nd4 {Ftacnik} Nxd4 50. exd4 Bg4 $15) 49... Nc7 50. Nd4 Nb5 51. Nxb5+ Bxb5
52. Ke1 Bd7 53. Bd3 Bg4 54. Be2 Nf5 (54... Bd7 $15 {Ftacnik}) 55. Nxf5+ $2 (55.
Bxg4 $10) (55. Bxg4 {Ftacnik} Nxg3 56. Kd2 Ne4+ 57. Kc2 d4 58. Bf3 Nc3 $17)
55... Bxf5 56. Kd2 Kc5 57. Bd3 Bd7 58. Bc2 Be8 59. Bg6 Bc6 60. Bc2 Bd7 {adj}
61. Bd1 {-see analysis of adjorment} Bh3 (61... d4 62. e4 Be8 63. Kd3 Bb5+ 64.
Kd2 d3 65. Ke3 d2 66. Bc2 (66. Kxd2 $6 Kd4 67. e5 fxe5 68. fxe5 Kxe5) 66... Be8
67. Bd1 Bf7 68. Kd3 Be6 69. Ke3 a4 70. Kd3 a3 71. Ke3 $10) (61... Bf5 62. Bf3 (
62. Bc2 $6 Bg4 63. Bg6 (63. Bd1 f5) 63... f5 (63... Bf3 $5 64. Kd3 Bd1 65. Kd2
(65. Be8 f5 66. Bg6 Bg4) 65... Bg4 66. Kd3 (66. Kc2 Bd7) 66... f5) 64. Kd3 $22
Kc6 $1 (64... Bf3 65. Bxf5 Bxh5 66. e4 dxe4+ (66... Bf3 67. e5 h5 68. Bh3) 67.
Kxe4 Kd6 (67... Bf7 68. Ke5 h5 69. Be6) 68. Bh3 (68. Bc8 Bf7 69. Kf5 a4 70.
bxa4 Bxa2 71. Kf6 (71. Kg6 $6 Bb1+ 72. Kxh6 b3 73. f5 Ke5 $1 (73... b2 74. f6
Bg6 75. Bf5 $1 $10) 74. Kg5 b2 75. Be6 (75. f6 Bg6 76. Bf5 Bxf5 77. f7 b1=Q 78.
f8=Q Qg1+ $19) 75... Be4 76. Ba2 Bxf5 77. a5 Bd3 78. Kg4 Ke4 79. Kg5 Ke3 80.
Kf6 Kd4 81. Ke7 Kc5 $19)) 68... Bf7 69. f5 h5 (69... a4 70. bxa4 Bxa2 71. Kd4
Bf7 72. a5) 70. f6 Be6 (70... h4 71. Kf4 a4 72. bxa4 Bxa2 73. Kg5) (70... a4
71. bxa4 Bxa2 72. a5 Bd5+ 73. Kd4 b3 74. a6 (74. Kc3 Ke5) 74... Be4 (74... b2
75. Bf5) 75. f7 Ke7 76. Be6 b2 77. Ba2 Ba8 78. Ke5 h4 79. Kf4 $10) 71. Bf5 h4 (
71... Kd7 72. Ke5 Bxf5 73. Kxf5 h4 74. Kg6) 72. Kf4 Bxf5 (72... h3 73. f7) 73.
Kxf5 h3 74. Kg6 h2 75. f7 $10) 65. Kd4 (65. Kc2 Kd6 66. Kd2 Bf3) 65... Kd6 66.
Kd3 Kc5 $22 67. Kd2 Bf3 68. Bxf5 Bxh5 69. Kd3 Kd6 70. e4 (70. Kd4 Bf3) 70...
dxe4+ 71. Kxe4 Bd1 $1 72. Kd4 h5 $17) 62... Bb1 63. Kc1 Bd3 64. Kd2 Bf5) 62.
Bf3 (62. Be2 f5 $6 63. Ke1 $1 (63. Ba6 Bg4 64. Bc8 Bxh5 65. Bxf5 $17) (63. Kd3
Bg4 64. Bxg4 fxg4 65. Ke2 Kd6 66. Kf2 Ke6 67. Kg3 Kf5 68. Kh4 d4 $19 (68... Ke4
69. Kxg4 Kxe3 70. f5 d4 71. f6 d3 72. f7 d2 73. f8=Q d1=Q+ 74. Kg3 Qxh5 $17)) (
63. Bf3 Bg4 64. Ke2 d4 65. exd4+ Kxd4 66. Bxg4 fxg4 67. Kf2 Ke4 68. Kg3 Kf5 $19
) 63... d4 (63... Bg4 64. Bxg4 fxg4 65. Kf2) 64. Kf2 $10) (62. Bc2 $5 {Ftacnik}
Bd7 63. Bd1 Be8 64. Kd3 $15) 62... Bf5 (62... f5 $6 63. Ke2 (63. Kd3 Bg4 64.
Be2 Kc6 65. Kd2 Kd6 66. Kd3 Kc5 $22 67. Kd2 d4 68. Bd3 (68. Kd3 dxe3) 68... Kd5
$22 69. Bc4+ (69. Bc2 dxe3+ 70. Kxe3 Ke6) 69... Ke4 70. Bd3+ Kf3 71. Be2+ Kf2
$19) 63... d4 64. Kf2 d3 65. Bb7 Bg4 66. Ke1 Bxh5 67. Kd2 Bf7 68. Bc8 a4 69.
bxa4 Bxa2 70. Bxf5 Bc4 (70... b3 71. Be6 Kb4 72. f5 Ka3 73. f6 b2 74. f7 Bxe6
75. f8=Q+ Ka2 76. Qxh6 $10) 71. Bxd3 Bxd3 72. Kxd3 h5 73. a5 h4 74. a6 Kb6 75.
f5 h3 76. f6 h2 77. f7 h1=Q 78. f8=Q $10) 63. Kc1 (63. Be2 Be4 (63... d4 64.
Bd3 Bg4 65. Bg6) (63... Bb1 64. Bd3 (64. Kc1 Be4 65. Kd2 {-63...Be4}) 64...
Bxa2 65. Kc2 d4 (65... a4 66. bxa4 Bc4 67. Bxc4 dxc4 68. e4 Kd4 69. e5 fxe5 70.
f5 $1 b3+ 71. Kb2 c3+ 72. Kxb3 Kd3 73. f6 c2 74. f7 c1=Q 75. f8=Q $15) 66. e4 (
66. exd4+ Kxd4 67. Bg6 Ke3 68. f5 a4 69. bxa4 Bc4) 66... a4 67. bxa4 Bf7 68.
Be2 Bc4) 64. Bd3 (64. Bf1 d4 65. Bd3 Bf3 (65... f5 $2 66. Ke2 $22) 66. Bg6 f5 {
-64.Bd3}) 64... f5 65. Ke2 (65. Bxe4 fxe4 66. Ke2 d4 67. exd4+ (67. Kd2 d3 {
/\Kd5-...g4}) 67... Kxd4 $19) 65... d4 66. Kd2 Bf3 67. Bxf5 Bxh5 (67... dxe3+
68. Kxe3 Bxh5 {-61...Bf5}) 68. e4 $5 (68. Kd3 {-61...Bf5}) 68... Bf3 69. e5 (
69. Kd3 h5 70. e5 (70. Bh3 Bg4 71. Bg2 h4 72. f5 h3 73. Bh1 h2 74. f6 Bh5 75.
e5 Bf7)) 69... h5 70. Kd3 (70. Bc8 Bg4 71. f5 Kd5 72. f6 Be6 $1) 70... Bg2 (
70... Bg4 71. Bxg4 hxg4 72. f5) 71. Bc8 Bf1+ (71... h4 72. f5 Bf1+ 73. Ke4 $1 (
73. Kd2 Kd5 74. f6) 73... h3 74. Kf4) 72. Ke4 Bg2+ $10 (72... d3 73. Ke3 h4 74.
Bb7 h3 75. f5 Bg2 76. f6)) (63. Bd1 {Ftacnik} d4 $17) 63... Bd7 (63... d4 {
Ftacnik} 64. e4 Bd7 65. Kd2) 64. Kd2 (64. Bd1 d4 65. Kd2 (65. e4 d3 66. Kd2 Kd4
) 65... dxe3+ (65... Bf5 {Ftacnik} 66. Bf3 dxe3+ 67. Kxe3 Bb1 68. Kd2 Kd4 $17)
66. Kxe3 Bf5 67. Kd2 Kd4 $19) 64... a4 65. bxa4 (65. Bd1 a3 66. Be2 (66. Bc2 {
Ftacnik} Bg4 67. Bd1 f5 $1 68. Bc2 (68. Be2 d4 69. Bd3 dxe3+ 70. Kxe3 Bxh5 71.
Bxf5 Bd1 72. Bb1 h5 $19) 68... d4 69. Kd3 dxe3 70. Kxe3 Kd5 71. Bd3 Bd1 72. Bb1
Bxh5 73. Bxf5 Bd1 74. Bh7 Kc5 75. Bb1 h5 76. f5 h4 77. f6 Kd6 78. Kf4 Ke6 $19)
66... Bf5 (66... d4 67. e4 $10) 67. Bd3 Bh3 68. Bc2 (68. Be2 Bg2 69. Bd3 d4 70.
Bg6 (70. e4 Bf3) 70... Bd5 71. Bc2 Bf3 72. Bg6 dxe3+ 73. Kxe3 Bd1 74. Bf7 Bc2
75. Kd2 Bb1 76. Bg6 f5 (76... Bxa2 77. Bc2 Kd4 78. f5) 77. Kc1 Be4 78. Kd2 Kd4
79. Bh7 Bb1 80. Kc1 Bxa2 81. Kc2 Ke4 $19) 68... Bg2 (68... f5 69. Bd1 Bg4 70.
Be2 d4 71. Kd3 dxe3 72. Bxg4 fxg4 73. Kxe3 Kd5 74. Kf2 Ke4 75. Kg3 Kf5 76. Kh4
$1 Kxf4 $22) 69. Ke2 (69. Bg6 Bf3) 69... d4 $1 70. e4 d3+ $3 71. Bxd3 (71. Kxd3
Bf3) 71... Kd4 72. e5 fxe5 73. fxe5 Bd5 $19) 65... Bxa4 66. Be2 (66. Bd1 $2
Bxd1 $1 67. Kxd1 Kb5 $1 (67... f5 68. Kd2 d4 69. exd4+ Kxd4 70. Kc2 Ke4 71. Kb3
Kxf4 72. Kxb4 Kg4 73. a4 f4 74. a5 f3 75. a6 f2 76. a7 f1=Q 77. a8=Q $10) 68.
Kc2 Ka4 69. Kb2 f5 $19) (66. e4 {Ftacnik} Bb5 67. Kc2 (67. exd5 Bc4 $19) 67...
Bc4 68. Kb2 dxe4 69. Bxe4 Kd4 70. Bg6 Ke3 71. f5 Kf4 $19) 66... Bc6 67. Bf3 (
67. Bd3 {Ftacnik} Bd7 68. Bg6 d4 69. e4 Be6 $19) 67... Be8 (67... Bb5 68. Bd1 (
68. Be2 $2 Bc4) 68... Be8 69. Be2 (69. Kd3 f5 70. Kd2 d4 71. Kd3 dxe3 72. Kxe3
Bf7 73. Bc2 Bxh5 74. Bxf5 Bf7 $17) 69... d4 70. Kd3 Bb5+ (70... dxe3 71. Kxe3
Bf7 {-see below}) 71. Kd2 Bd7 $1 (71... dxe3+ 72. Kxe3 Bxe2 73. Kxe2 Kd4 74.
Kd2 $10) (71... Bc6 72. Bd1 (72. Bd3 $2 Bd5 73. Bb1 Bf7) 72... dxe3+ (72... Be8
$1) (72... Bd5 73. Bb3 Bf3 74. Bf7) 73. Kxe3 Kc4 74. Bb3+ Kc3 75. Be6 $1 (75.
Bf7 Bb5 $1 (75... f5 $6 76. Be6 Be4 77. Bf7 Bc2 78. Bd5 $1 (78. Be6 Bb1 $22 79.
Bd7 (79. Bf7 Kb2 80. Kd4 (80. Be6 Bxa2 81. Bxf5 Kc3) 80... Bxa2) 79... Bxa2 80.
Bxf5 Bg8) 78... Bb1 79. Be6 Kb2 80. Kd4 Bxa2 81. Bxf5 Kc1 82. Kc5 b3 83. Be6
$10) 76. Bb3 (76. Ke4 Bd3+) (76. Bg6 Bc4 77. Bb1 Be6) 76... Bd3 $19) 75... Ba4
76. Ke4 Bc2+ 77. Kd5 Bb1 78. Kd6 Kd4 79. Ke7 Ke4 80. Kxf6 Kxf4 81. Bf7 Kg4 82.
Ke5 $10) 72. Bd1 (72. Kd3 Bf5+ 73. e4 Be6) 72... Be8 $22 {-67...Be8}) 68. Bd1
d4 (68... Bb5 69. Bb3 Bf1 (69... Bc4 70. Kd1) 70. Ke1 Bc4 71. Kd2 Kd6 72. Bxc4
$1 dxc4 73. e4 Kc6 74. Ke2 Kc5 75. Ke3 b3 (75... Kb5 76. Kd2 Ka4 77. e5 fxe5
78. f5) 76. axb3 cxb3 77. Kd2 Kd4 78. e5 $10) (68... Bd7 69. Bc2 (69. Be2 Bf5
70. Bd1 (70. Bd3 Be4 71. Bc2 (71. Bxe4 dxe4) (71. Ke2 Bg2 72. Bg6 (72. Kd2 d4)
72... Kc4 73. Kd2 Be4) 71... Bf3 72. Bg6 Be4) 70... Bb1 71. Bb3 Be4 72. Bd1 Bf5
73. Bc2 (73. Kc1 d4 74. Kd2 dxe3+ 75. Kxe3 Kc4) 73... Bg4 74. Bg6 {-69.BC2})
69... Bg4 70. Bg6 Bf3 (70... d4 71. Bf7) (70... f5 71. Bf7 Bf3 72. Be8 Kc4 73.
Bg6 Be4 74. Bh7 Bb1 75. Bg6 Kc5 76. Bh7 Bxa2 77. Bxf5 Bc4 78. Bg6 d4 79. exd4+
Kxd4 80. f5 $10) 71. Kd3 Bg2 72. Kd2 (72. Kc2 Kb5 73. Kb3 (73. Bd3+ Ka4 74. Kb2
Bf3 75. Bg6 Kb5 76. Kc2 Kc4 77. Bd3+ (77. Kd2 Be4) (77. Bf7 Be4+) 77... Kc5 78.
Bg6 d4 $1 79. e4 Be2 80. Bf7 d3+ 81. Kd2 Kd4 82. Bg6 Bf3 83. e5 fxe5 84. fxe5
Bd5 $19) 73... Bf3 74. Be8+ (74. a3 bxa3 75. Kxa3 d4) 74... Kc5 75. Bg6 Bd1+
76. Kb2 d4 77. e4 d3 78. Kc1 Bf3 79. e5 fxe5 80. fxe5 Kd4 81. e6 Kc3) 72... Be4
73. Kc1 (73. Bxe4 dxe4 74. Kc2 (74. f5 Kd5 75. Kc2 Ke5 76. Kb3 Kxf5 77. Kxb4
Kg4 78. a4 f5 79. a5 f4 80. a6 fxe3 81. a7 e2 82. a8=Q e1=Q+ $19) 74... Kb5 75.
Kb3 f5 76. Kc2 Kc4 77. Kd2 b3 $1 78. a3 b2 79. Kc2 b1=Q+ $1 80. Kxb1 Kd3 81. a4
Kxe3 82. a5 Kf2 83. a6 e3 84. a7 e2 85. a8=Q e1=Q+ $19) 73... Kc4 74. Kd2 Kb5
75. Kc1 Kc5 76. Kd1 $3 (76. Kd2 Kc4 $22 77. Bf7 Bb1 78. Kc1 Bxa2 79. Kb2 Bb3
80. e4 Bd1 $19) 76... Kc4 77. Kd2 f5 78. Bh7 $10) 69. Kd3 (69. exd4+ {Ftacnik}
Kxd4 $19) (69. e4 {Ftacnik} Bf7 70. Bb3 Bxh5 $19) 69... Bb5+ 70. Ke4 $2 (70.
Kd2 Bd7 $1 (70... Be8 71. Kd3 dxe3 72. Kxe3 Bf7 73. Ke4 Kd6 (73... Bxa2 74. Kf5
$10) 74. Kf5 Ke7 75. Be2 Bxa2 76. Kg6 b3 77. Bc4 (77. Kxh6 b2 78. Bd3 Kf7)
77... Bb1+ 78. Kxh6 b2 79. Kg7 $3 (79. Bb3 Bf5 $1 (79... Kf8 80. f5 Ke7 $1 $19
(80... Bxf5 $2 81. Bc2 $1 b1=Q 82. Bxb1 Bxb1 $10)) 80. Ba2 Kf8 $19) 79... Bg6
80. Ba2 (80. hxg6 b1=Q 81. Bf7 f5 $19) 80... Bxh5 (80... b1=Q 81. Bxb1 Bxb1 82.
h6 $10) 81. f5 $10 Be8 82. Bb1 Bf7 83. Kh6 Kd6 84. Kg7 $10) 71. Kd3 (71. Bc2
Bg4 72. Bg6 Be6) (71. Bb3 Be8 72. Bd1 Bf7) 71... Bf5+ $1 72. Kd2 (72. e4 Bd7 {
/\Be8-f7}) 72... dxe3+ 73. Kxe3 Kc4 74. Bb3+ (74. Kd2 Kd4) 74... Kc3 75. Bf7 (
75. Bg8 Bb1 76. Bf7 Kb2 77. Kd4 Bxa2 78. Bg6 Be6 $19) 75... Bb1 76. Be6 Kb2 77.
Kd4 Bxa2 78. f5 Ka3 79. Kc5 b3 80. Bxb3 Bxb3 81. Kd6 Bf7 82. Ke7 Bxh5 83. Kxf6
Be8 84. Ke7 Bb5 85. Kf6 h5 $19) (70. Kd2 $1 $17 {Ftacnik}) 70... d3 71. Kf5 (
71. Bg4 d2 72. Bd1 Bc4) 71... Bc4 72. Ke4 (72. Kxf6 {Ftacnik} Bxa2 73. e4 b3
$19) 72... d2 73. f5 Bxa2 74. Kd3 Bb1+ 75. Kxd2 Bxf5 76. Be2 Be4 77. Kc1 Kd6
78. Kb2 Bd5 79. Bd3 Bf7 80. Be2 Ke5 (80... Ke5 {Ftacnik} 81. Bf3 Kf5 $19) 0-1

[Event "Dortmund SuperGM 24th"]
[Site "Dortmund"]
[Date "1996.07.12"]
[Round "7"]
[White "Gelfand, Boris"]
[Black "Anand, Viswanathan"]
[Result "1/2-1/2"]
[WhiteElo "2665"]
[BlackElo "2735"]
[Annotator "Gelfand,B"]
[PlyCount "45"]
[EventDate "1996.07.05"]
[EventType "tourn"]
[EventRounds "9"]
[EventCountry "GER"]
[EventCategory "18"]
[SourceTitle "CBM 054"]
[Source "ChessBase"]
[SourceDate "1996.10.01"]
[SourceVersion "1"]
[SourceVersionDate "1996.10.01"]
[SourceQuality "1"]

1. d4 Nf6 2. c4 e6 3. Nf3 Bb4+ 4. Nbd2 b6 5. a3 Bxd2+ 6. Qxd2 Bb7 7. e3 O-O 8.
Be2 d6 9. O-O Nbd7 10. b4 Ne4 11. Qc2 c5 12. Nd2 $146 (12. Bb2 $5 {/\ND2})
12... Nxd2 13. Qxd2 (13. Bxd2 $5) 13... Qg5 14. f3 Rfd8 15. Rd1 d5 $1 {Black
is correctly getting counterplay until White develops all his pieces} 16. Qb2
$1 (16. cxd5 exd5 17. dxc5 bxc5 18. Bb2 Nb6 $5 19. f4 (19. bxc5 Nc4) 19... Qe7
20. bxc5 Nc4 $44 (20... Qxc5 21. Bd4 Qe7 22. Qb4 $14 {Anand,V})) (16. bxc5 bxc5
17. Rb1 Bc6 (17... Ba6 18. cxd5 Bxe2 19. Qxe2 Qxd5 20. e4 Qc6)) 16... cxb4 (
16... dxc4 17. bxc5 Ba6 18. e4 Qe7 19. cxb6 Nxb6 20. Qc2 $14) 17. Qxb4 $6 (17.
axb4 dxc4 18. e4 Qh5 $1 {V.Anand} (18... Qb5 19. Qc3 Rdc8 $13) 19. Bxc4 $140
Bxe4) (17. e4 $1 {I underestimated this tempting pawn sac.White could get full
compensation and easy game} Qe7 18. cxd5 exd5 19. e5 {Anand} bxa3 (19... f6 20.
f4 fxe5 21. fxe5 (21. dxe5 bxa3 22. Rxa3 $13) 21... bxa3 22. Qb3 $14) 20. Qb3
Nf8 21. Bxa3 $44) 17... Ba6 18. e4 Qg6 19. Qa4 Bxc4 20. Bxc4 dxc4 21. Qxc4 (21.
Bf4 Rac8 22. Rac1 f5 (22... c3 $5 23. Qxa7 f5) 23. Rxc4 Rxc4 24. Qxc4 fxe4 25.
Qc7 Rf8) 21... Nf8 22. Be3 (22. Bf4 f5 $10) 22... f5 23. exf5 1/2-1/2

[Event "Candidates qf1"]
[Site "Brussels"]
[Date "1991.??.??"]
[Round "6"]
[White "Gelfand, Boris"]
[Black "Short, Nigel D"]
[Result "1-0"]
[WhiteElo "2665"]
[BlackElo "2660"]
[Annotator "Gelfand,B"]
[PlyCount "69"]
[EventDate "1991.08.??"]
[EventType "match"]
[EventRounds "8"]
[EventCountry "BEL"]
[SourceTitle "Candidates"]
[Source "ChessBase"]
[SourceDate "1999.07.01"]
[SourceVersion "2"]
[SourceVersionDate "1999.07.01"]
[SourceQuality "1"]

1. d4 d5 2. c4 e6 3. Nc3 Nf6 4. Nf3 Nbd7 5. e3 Be7 (5... Bd6 {-D37}) (5... a6 {
-D37}) 6. b3 O-O 7. Bd3 b6 8. O-O Bb7 9. Bb2 a6 (9... Ne4 {-D37}) 10. Rc1 (10.
Qe2 {-E14}) 10... Ne4 (10... c5) (10... Bd6) 11. Qc2 f5 12. Ne2 Bd6 13. Ne5
Bxe5 $2 (13... Rc8 $5 $14 {Grooten}) 14. dxe5 Ndc5 15. cxd5 $5 (15. Nf4 $5)
15... Nxd3 (15... exd5 16. Bxe4 fxe4 17. Ba3 $1 $18) (15... Bxd5 16. Nf4 $16)
16. Qxd3 Bxd5 (16... exd5 17. Nf4 $16) 17. Nf4 Nc5 18. Qc3 (18. Qc2 $5 Be4 19.
Qc3) 18... Rf7 (18... a5 19. Ba3 $18) 19. Ba3 Ne4 (19... Nb7 20. Rfd1 $16) 20.
Qc2 Rd7 21. f3 Ng5 22. Nxd5 (22. h4 Nf7 23. e4 Bb7 $1 24. Nxe6 Qxh4 $132) 22...
Rxd5 23. Qxc7 Nf7 (23... h6 24. Bd6 Nf7 25. Qxd8+ Rxd8 26. Bc7 R8d7 27. f4 $18)
24. f4 g5 25. Be7 Qe8 (25... Qxc7 26. Rxc7 $18) 26. Bf6 Rd2 27. fxg5 Qb5 28.
Qc6 Rf8 29. Qxb5 axb5 30. Rc6 Rxa2 31. Rfc1 Re2 32. Rxe6 Ra8 33. Re7 Kf8 34. e6
Nd8 35. Rxh7 1-0

[Event "FIDE-Wch k.o."]
[Site "Moscow"]
[Date "2001.12.02"]
[Round "3.2"]
[White "Delchev, Aleksander"]
[Black "Gelfand, Boris"]
[Result "0-1"]
[WhiteElo "2634"]
[BlackElo "2701"]
[Annotator "Gelfand,B"]
[PlyCount "50"]
[EventDate "2001.11.27"]
[EventType "k.o."]
[EventRounds "7"]
[EventCountry "RUS"]
[SourceTitle "CBM 086"]
[Source "ChessBase"]
[SourceDate "2002.02.05"]
[SourceVersion "1"]
[SourceVersionDate "2002.02.05"]
[SourceQuality "1"]

1. d4 {Finkel,A} Nf6 2. Nf3 e6 3. e3 b6 4. Bd3 Bb7 5. O-O c5 6. c4 g6 {'!?'
Finkel,A. Finkel,A: 'Frankly speaking, I would expect something more solid,
since the draw would promise Gelfand an advance into the next round, but his
opening choise proves to be perfect! '} 7. Nc3 Bg7 8. e4 cxd4 9. Nxd4 d6 (9...
O-O $5 10. Bg5 (10. Re1 {Finkel,A} d6 11. Bf1 a6 12. b3 Nbd7 13. Bb2 Re8 14.
Qc2 Qc7 15. Rad1 {1/2-1/2 Grivas,E-Razuvaev,Y/Cappelle la Grande 1995/EXT 97 
(15)}) 10... h6 11. Bh4 d6 12. Qe2 Nbd7 13. Rad1 a6 14. f4 e5 15. fxe5 dxe5 16.
Nc2) 10. Bc2 $5 $146 (10. f4 {Finkel,A} O-O 11. Nf3 Nbd7 12. Qe2 a6 13. Kh1 Qc7
14. Bd2 Nc5 15. Bc2 Rac8 16. Rac1 Qb8 17. b4 Ncd7 18. Bd3 $14 {Malaniuk,
V-Hracek,Z/Brno 1993/CBM 37}) (10. Be3 {Finkel,A} O-O 11. f3 a6 12. Qd2 (12.
Re1 {Finkel,A} Nbd7 13. Bf1 Qc7 14. Rc1 Rac8 15. Qd2 Ne5 16. b3 $14 {Malaniuk,
V-Merino Garcia,R/Linares 1996/CBM 51 ext}) 12... Re8 (12... Nbd7 {Finkel,A}
13. Rfd1 Rc8 14. Bf1 Re8 15. Rac1 Bf8 16. Kh1 Qc7 17. a3 Qb8 18. b4 Be7 19. Nb3
$14 {Portisch,L-Poluljahov,A/Kropotkin 1995/CBM 47}) 13. Rfd1 Nbd7 (13... Qc7 {
Finkel,A} 14. Bf1 Nbd7 15. Rac1 Rad8 16. Kh1 Qb8 17. Bh6 Bh8 18. Bg5 $13 {
Norris,A-Ward,C/St Helier 1999/EXT 2000}) 14. Bf1 d5 15. exd5 exd5 16. cxd5
Nxd5 17. Nxd5 Bxd5 18. Bf2 Nf6 19. Rac1 Bb7 $11 {Jussupow,A-Hracek,Z/Germany
1999/GER-chT}) 10... a6 (10... O-O 11. Ndb5 Ne8 (11... d5 12. e5 Ne8 13. cxd5)
12. Bf4 $16) 11. Nf3 {Finkel,A: 'White decides to start an actions immedeatly,
which proves to be insufficient for the advantage.'} (11. Ba4+ Nbd7 (11... Nfd7
12. Nxe6 fxe6 13. Qxd6 Kf7 14. Rd1 b5 15. cxb5 Qb6 16. Qf4+ $40) 12. Nxe6 $140
fxe6 13. Qxd6 Kf7 14. e5 b5 $1 15. cxb5 (15. exf6 Bf8 $1 16. Qd4 bxa4) 15...
Ne8 $17) (11. f4 {Finkel,A} O-O 12. Be3 Nbd7 13. Qe2 Qc7 14. Rad1 $14) 11...
O-O 12. Bf4 Ne8 (12... d5 13. cxd5 exd5 14. e5 Ne4 15. Re1 (15. Ne2 {Finkel,A}
Nd7 $13) (15. Nxe4 {Finkel,A} dxe4 16. Ng5 Qe7 $14) 15... Nxc3 16. bxc3 $14)
13. e5 $5 {'?!' Finkel,A. Finkel,A: ' The idea behind 12th move of white.'} (
13. Qd2 Qc7 $132) (13. Qe2 {Finkel,A} Qc7 14. Rad1 Nc6 15. Qe3 $14) 13... Qc7 (
13... Nc6 $5 {Finkel,A} 14. exd6 e5 15. Be3 Nxd6 16. c5 Nc4 $13) 14. exd6 Qxc4
15. Bg5 $6 (15. Be4 $5 Bxe4 16. Nd2 Qd4 (16... Qb4 17. Ncxe4 f5 18. a3 Qd4 19.
Be3 Qd5 $13) 17. Ndxe4 Qxd1 18. Rfxd1 Nd7 19. Rac1 h6 $13) (15. Qd2 Bxf3 (15...
Nd7) 16. gxf3 Nd7) (15. Be5 Nd7 16. Bxg7 Kxg7 $11) 15... Nf6 16. Ne5 (16. Rc1
Nbd7) 16... Qc5 17. Re1 Nfd7 {'=/+!' Finkel,A. Finkel,A: 'Taking advantage of
the fact that the black coloured bishop on g5 is unprotected.'} 18. Nf3 (18.
Nxd7 Qxg5 19. Be4 Nxd7 20. Bxb7 Ra7 (20... Bxc3 21. bxc3 Ra7) (20... Rad8 {
Finkel,A} 21. Bxa6 Nc5 $11) 21. Bf3 Bxc3 22. bxc3 Qc5 $15) 18... Bxf3 19. Qxf3
Nc6 20. Ne4 $2 {Finkel,A: 'This move is losing by force, but also after the
correct 20,Be3 white may hardly hope to win the game.'} (20. Be4 Qxg5 (20...
Rac8 $1 {Finkel,A} 21. Bxc6 (21. Rad1 $2 {Finkel,A} Qxg5 22. Bxc6 Ne5 $17 {
[%csl Rc6]}) 21... Qxc6 22. Qxc6 Rxc6 23. Rad1 Bxc3 24. bxc3 Rxc3 $17) 21. Bxc6
Rad8 $15 22. Rad1 Ne5 23. Qe4 $13) (20. Be3 $5 {Finkel,A} Qxd6 21. Rad1 Qc7 22.
Bf4 Nde5 23. Qg3 Rad8 $13) 20... Qxc2 21. Rac1 Qa4 22. Rxc6 (22. b3 Qa5 (22...
Qb5 {Finkel,A})) 22... Ne5 23. Nf6+ Bxf6 24. Qxf6 Nxc6 25. Bh6 Qd4 $19 0-1